000 00729ngm a2200181 i 4500
001 C2-0344356
003 PPAK
005 20180727222841.0
008 171231s2013 cau|||| ||||| | vleng d
040 _aPPAK
_beng
_cPPAK
_erda
245 1 4 _aThe croods
264 1 _aCalifornia :
_bDreamworks Animation ,
_c2013
500 _aIn English, Cantonese, Traditional Mandarin or Vietnamese dialogues; with optional in English, Cantonese, Indonesian, malay, Traditional Mandarin and Vietnamese subtitles. ; Summary : When their home is destroyed, a prehistoric family trave
700 _eauthor
700 1 _aDeMicco, Kirk ; Sanders, Chris,
_ecompile
700 1 _aDapkewicz, Eric ; Holmes, Darren T.,
_eeditor
942 _2ddc
_cDVD
999 _c168093
_d168093